|
|
|
|
| LEADER |
00000cas a2200000 a 4500 |
| 001 |
vtls001445240 |
| 003 |
SK-MaSNL |
| 005 |
20260228160501.0 |
| 008 |
021126d19921994xo r p 0 0b0cze |
| 035 |
|
|
|a SNK000400472
|
| 040 |
|
|
|a SNK
|b slo
|c SNK
|e AACR2
|
| 041 |
0 |
|
|a cze
|
| 044 |
|
|
|a xo
|c SK
|
| 072 |
|
7 |
|a 22/24
|x Náboženstvá Ďalekého východu. Indické náboženstvá. Hinduizmus. Budhizmus
|2 konspekt
|
| 072 |
|
7 |
|a 796
|x Šport. Hry. Telesné cvičenia
|2 konspekt
|
| 080 |
|
|
|a 796.012.62
|2 2011
|
| 080 |
|
|
|a 233-852.5Y
|2 2011
|
| 080 |
|
|
|a 050
|2 2001
|
| 245 |
0 |
0 |
|a Jóga v denním životě
|
| 260 |
|
|
|a Martin
|b Mahéšvárananda Joga v dennom živote
|c [1992-1994]
|
| 300 |
|
|
|a zv.
|
| 362 |
0 |
|
|a [1992-1994]
|
| 650 |
0 |
7 |
|a joga
|2 SNKPH
|9 4277
|
| 910 |
|
|
|a snk
|
| 999 |
|
|
|c 2744
|d 4674
|
| 952 |
|
|
|t č. 1-2
|a SNK
|b SNK
|c SNK_KF
|y PREZ
|7 8
|p 17A1026996
|o snkČSC 3288/1991
|i snkČSP 1593/99
|0 0
|1 0
|4 0
|d 2026-02-20
|l 0
|r 2026-03-13 08:31:44
|w 2026-02-21
|
| 952 |
|
|
|t č. 1-4
|a SNK
|b SNK
|c SNK_KF
|y PREZ
|7 8
|p 17A1026995
|o snkČSC 3288/2/1992
|i snkČSP 1579/99
|0 0
|1 0
|4 0
|d 2026-02-20
|l 0
|r 2026-03-13 08:32:16
|w 2026-02-21
|
| 952 |
|
|
|t č. 1
|a SNK
|b SNK
|c SNK_KF
|y PREZ
|7 8
|p 17A1026999
|o snkČSC 3288/3/1994
|i snkČSP 1771/99
|0 0
|1 0
|4 0
|d 2026-02-20
|l 0
|r 2026-03-13 08:32:22
|w 2026-02-21
|
| 952 |
|
|
|t len č. 1
|a SNK
|b SNK
|y PREZ
|7 0
|p 17A0366857
|o snkČSC 3288/3/1994 D1
|0 0
|1 0
|4 0
|d 2002-11-26
|l 0
|r 2005-01-02 00:00:00
|w 2026-02-21
|